Human nature / (Record no. 267)

MARC details
000 -LEADER
fixed length control field 00872cam a2200301 a 4500
005 - DATE AND TIME OF LATEST TRANSACTION
control field 20260322212013.0
008 - FIXED-LENGTH DATA ELEMENTS--GENERAL INFORMATION
fixed length control field data
010 ## - LIBRARY OF CONGRESS CONTROL NUMBER
LC control number 87-43306
020 ## - INTERNATIONAL STANDARD BOOK NUMBER
International Standard Book Number 9780805240467
020 ## - INTERNATIONAL STANDARD BOOK NUMBER
International Standard Book Number 0805240462
040 ## - CATALOGING SOURCE
Original cataloging agency DNLM
Transcribing agency DNLM
041 09 - LANGUAGE CODE
Language code of text/sound track or separate title eng
044 ## - COUNTRY OF PUBLISHING/PRODUCING ENTITY CODE
-- United States
060 00 - NATIONAL LIBRARY OF MEDICINE CALL NUMBER
Classification number WS 105
Item number W779h 1988
001 - CONTROL NUMBER
control field data
100 1# - MAIN ENTRY--PERSONAL NAME
Personal name Winnicott, D. W.
Dates associated with a name 1896-1971.
Fuller form of name (Donald Woods),
245 10 - TITLE STATEMENT
Title Human nature /
Statement of responsibility, etc. D. W. Winnicott.
250 ## - EDITION STATEMENT
Edition statement 1st American ed.
260 ## - PUBLICATION, DISTRIBUTION, ETC.
Place of publication, distribution, etc. New York :
Name of publisher, distributor, etc. Schocken Books,
Date of publication, distribution, etc. 1988.
300 ## - PHYSICAL DESCRIPTION
Extent xii, 189 p. :
Other physical details ill.
336 ## - CONTENT TYPE
Content type term text
Content type code txt
Source rdacontent
337 ## - MEDIA TYPE
Media type term unmediated
Media type code n
Source rdamedia
338 ## - CARRIER TYPE
Carrier type term volume
Carrier type code nc
Source rdacarrier
500 ## - GENERAL NOTE
General note Includes index.
504 ## - BIBLIOGRAPHY, ETC. NOTE
Bibliography, etc. note Bibliography: p. 171-172.
650 #2 - SUBJECT ADDED ENTRY--TOPICAL TERM
Topical term or geographic name entry element Child Development
Authority record control number or standard number https://id.nlm.nih.gov/mesh/D002657
650 #2 - SUBJECT ADDED ENTRY--TOPICAL TERM
Topical term or geographic name entry element Psychology, Child
Authority record control number or standard number https://id.nlm.nih.gov/mesh/D002666
Holdings
Withdrawn status Lost status Damaged status Not for loan Home library Current library Shelving location Date acquired Total checkouts Full call number Barcode Date last seen Price effective from Koha item type
        Centerville Centerville General stacks 22/03/2026   GEN BC0010276 22/03/2026 22/03/2026 Books